International Franchise Sales Laws

Detalles Bibliográficos
Autor principal: Loewinger, Andrew P.
Formato: eBook
Lenguaje:inglés
Publicado: Chicago: American Bar Association, 2015
Materias:
Acceso en línea:Acceso restringido

MARC

LEADER 00000nam a22000007a 4500
005 20210226232754.0
007 cr|||| ||||
008 210226s2015 us |||||s|||| 00||0 eng d
020 |a 978-1-63425-077-1 
035 |a 33072 
040 |a vLex 
090 |c 11311  |d 11311 
100 1 |a Loewinger, Andrew P. 
245 1 0 |a International Franchise Sales Laws  |h [Recurso electrn̤ico] /  |c Andrew P. Loewinger 
256 |a Servicio en ln̕ea 
260 |a Chicago:  |b American Bar Association,  |c 2015 
300 |a 1 recurso electrn̤ico 
506 1 |a Disponible solo en los productos indicados  |d vLex Global  |d vLex Global (Academic Edition, excluding Law Schools)  |d vLex Global (Academic Edition, Law Schools) 
650 0 4 |a Derecho Mercantil y de la Empresa  |z Estados Unidos 
740 0 |a vLex Libros (Servicio en ln̕ea) 
856 4 0 |u http://vlex.com/source/international-franchise-sales-laws-second-edition-33072  |z Acceso restringido 
942 |c BOOK 
999 0 |a Commercial and Company Law